LEADER 01201nam--2200385---450- 001 990003620610203316 005 20120208100132.0 035 $a000362061 035 $aUSA01000362061 035 $a(ALEPH)000362061USA01 035 $a000362061 100 $a20120208d1973----km-y0itay50------ba 101 $aita$alat 102 $aIT 105 $a||||||||001yy 200 1 $a"Sapientia" pagana e cristiana$eantologia di Lucrezio, Seneca e S. Agostino per la III Liceo classico e la V Liceo Scientifico$fGino Giardini, Gilberto Montuschi, Lao Paoletti 210 $aBologna$cPàtron$d1973 215 $aX,535 p.$d22 cm 225 2 $aHumanitatis studia$v16 410 0$12001$aHumanitatis studia$v16 454 1$12001 461 1$1001-------$12001 606 0 $aLetteratura latina$xAntologie$2BNCF 676 $a870.8 700 1$aGIARDINI,$bGino$0186566 701 1$aMONTUSCHI,$bGilberto$0539472 701 $aPAOLETTI,$bLao$0200451 801 0$aIT$bsalbc$gISBD 912 $a990003620610203316 951 $aCL 274$b301 DSA/IFCL 959 $aBK 969 $aDSA 979 $aDSA$b90$c20120208$lUSA01$h1001 996 $a"Sapientia" pagana e cristiana$91136640 997 $aUNISA LEADER 04244oam 22006854a 450 001 996478969803316 005 20230621135346.0 010 $a0-8232-7785-2 010 $a0-8232-7786-0 024 7 $a10.1515/9780823277865 035 $a(CKB)4340000000203950 035 $a(OCoLC)1017612104 035 $a(MdBmJHUP)muse65209 035 $a(MiAaPQ)EBC5050686 035 $a(DE-B1597)555457 035 $a(DE-B1597)9780823277865 035 $a(OCoLC)1005002497 035 $a(ScCtBLL)7a47f6e9-3758-4c25-9de0-bd94ac4cdd6d 035 $a(dli)HEB33769 035 $a(MiU) MIU01100000000000000000965 035 $a(EXLCZ)994340000000203950 100 $a20170712d2018 uy 0 101 0 $aeng 135 $aur|||||||nn|n 181 $ctxt$2rdacontent 182 $cc$2rdamedia 183 $acr$2rdacarrier 200 10$aDerrida after the End of Writing$ePolitical Theology and New Materialism /$fClayton Crockett 205 $aFirst edition. 210 1$aNew York, NY :$cFordham University Press,$d2018. 210 4$d©2018. 215 $a1 online resource (183 pages ) 225 0 $aPerspectives in Continental philosophy 311 0 $a0-8232-7784-4 311 0 $a0-8232-7783-6 320 $aIncludes bibliographical references and index. 327 $aDerrida and the new materialism -- Reading Derrida reading religion -- Surviving Christianity -- Political theology without sovereignty -- Interrupting Heidegger with a ram: Derrida's reading of Celan -- Derrida, Lacan, and object-oriented ontology: philosophy of religion at the end of the world -- Radical theology and the event: Caputo's Derridean gospel -- Deconstructive plasticity: Malabou's biological materialism -- Quantum Derrida: Barad's hauntological materialism -- The sins of the fathers, a love letter. 330 $aWhat are we to make of Jacques Derrida?s famous claim that ?every other is every other,? if the other could also be an object, a stone or an elementary particle? Derrida?s philosophy is relevant not just for human ethical language and animality, but to profound developments in the physical and natural sciences, as well as ecology. Derrida After the End of Writing argues for the importance of reading Derrida?s later work from a new materialist perspective. In conversation with Heidegger, Lacan, and Deleuze, and critically engaging newer philosophies of speculative realism and object-oriented ontology, Crockett claims that Derrida was never a linguistic idealist. Furthermore, something changes in his later philosophy something that cannot be simply described as a ?turn.? In Catherine Malabou?s terms, there is a shift from a motor scheme of writing to a motor scheme of plasticity. Crockett explores some of the implications of interpreting Derrida through the new materialist lens of technicity or plasticity, attending to the significance of ethics, religion, and politics in his later work. By reading Derrida from a new materialist perspective, Crockett provides fresh readings of his ideas of sovereignty, religion, responsibility, and mourning. These new readings produce fruitful engagements with the thinkers who have followed Derrida, including Malabou, Timothy Morton, John D. Caputo, and Karen Barad. Here is a new reading of Derrida that moves beyond conventional understandings of poststructuralism and deconstruction, a reading that is responsive to and critical of some of the crucial developments shaping the humanities today. 410 0$aPerspectives in continental philosophy. 517 3 $aPolitical theology and new materialism 606 $aPolitical science$xPhilosophy 606 $aReligion 608 $aElectronic books. 610 $aCatherine Malabou. 610 $aJacques Derrida. 610 $aJohn D. Caputo. 610 $aPolitical Theology. 610 $adeconstruction. 610 $amaterialism. 610 $areligion. 615 0$aPolitical science$xPhilosophy. 615 0$aReligion. 676 $a194 700 $aCrockett$b Clayton$f1969-$0887969 801 0$bMdBmJHUP 801 1$bMdBmJHUP 906 $aBOOK 912 $a996478969803316 996 $aDerrida after the End of Writing$91983404 997 $aUNISA LEADER 02022nam 2200505 a 450 001 996248189803316 005 20221108022719.0 010 $a0-520-21943-0 024 7 $a2027/heb08072 035 $a(CKB)3400000000085034 035 $a(dli)HEB08072 035 $a(MiU)MIU01000000000000011609331 035 $a(EXLCZ)993400000000085034 100 $a19940225h19991989 ub 0 101 0 $aeng 135 $aurmnummmmuuuu 181 $ctxt$2rdacontent 182 $cc$2rdamedia 183 $acr$2rdacarrier 200 10$aHard core $epower, pleasure, and the "frenzy of the visible" /$fLinda Williams 205 $aExpanded pbk. ed. 210 $aBerkeley $cUniversity of California Press$d1999, c1989 215 $a1 online resource (xviii, 380 p. ) 320 $aIncludes bibliographical references (p. [341]-359) and index. 327 $aSpeaking sex : "the indiscreet jewels" -- Prehistory : the "frenzy of the visible" -- The stag film : genital show and genital event -- Fetishism and hard core : Marx, Freud, and the "money shot" -- Generic pleasures : number and narrative -- Hard-core utopias : problems and solutions -- Power, pleasure, and perversion : sadomasochistic film pornography -- Sequels and re-visions : "a desire of one's own." 410 0$aACLS Humanities E-Book. 517 $aHard Core 517 3 $aPower, pleasure, and the "frenzy of the visible" 606 $aSex in motion pictures 606 $aErotic films$xHistory and criticism 606 $aPornographic films$xHistory and criticism 606 $aPornography 615 0$aSex in motion pictures. 615 0$aErotic films$xHistory and criticism. 615 0$aPornographic films$xHistory and criticism. 615 0$aPornography. 676 $a791.43/6538 700 $aWilliams$b Linda$f1946-$0679538 712 02$aAmerican Council of Learned Societies. 801 0$bNyNyACL 801 1$bNyNyACL 906 $aBOOK 912 $a996248189803316 996 $aHard core$91253371 997 $aUNISA